000 00440nam a22001577a 4500
020 _a0735711100
082 _222
_a005.713769
100 _aSpicklemire, Steve ...[et al.].
245 _aZope :
_bweb application development and content management /
260 _aUSA,
_bNew Riders,
_cc2002.
300 _axiii, 581 p. ;
_bill. ;
700 _aFriedly, Kevin
700 _aSpicklemire, Jerry and
700 _aBrand, Kim.
942 _2ddc
_cIT
999 _c4139
_d4139